00858nam a22002537a 45000010005000000030006000050050017000110080041000280200018000690400029000870500016001160820011001321000025001432450066001682500037002342600035002713000045003065050007003515200164003585210019005225210018005416500019005596500026005785338FISKH20241127101546.0241127b cb ||||| |||| 00| 0 eng d a9780545861854 aFISKHbengcFISKHdFISKH aPS3563.U849 a811.54 aJ muth, Jond(1960-) aHi, koo! /cA Year of Seasons Presented by Koo and Jon J Muth aFirst paperback printing in 2015 aNew York :bScholastic,c2015. a26 pages :bColor illustrations ;c22 cm aL  aJon J Muth--and his delightful little panda bear, Koo--challenge readers to stretch their minds and imaginations with twenty-six haikus about the four seasons.8 a510L bLexile 8 aL bRaz-Plus  2PandaaSeasons 2Picture bookaFiction